|
|
|
|
| LEADER |
00000nab a2200000 a 4500 |
| 001 |
vtls000304118 |
| 003 |
SK-MaSNL |
| 005 |
20260302214607.0 |
| 008 |
160202c1988 xo 0 hun |
| 015 |
|
|
|a SNBRB19rr/mm-uuuuu
|
| 035 |
|
|
|a CL0314237
|
| 040 |
|
|
|a SNKBUCL
|b slo
|c SNKBUCL
|e AACR2
|
| 041 |
0 |
|
|a hun
|
| 044 |
|
|
|a xo
|c SK
|
| 080 |
|
|
|a 894.511 (437)-1(087.5)=945.11
|2 1981
|
| 100 |
1 |
|
|a Tallósi, Béla,
|d 1958-
|4 aut
|
| 245 |
1 |
0 |
|a Pókbolt. Színkerék. Nem hozhattan ajándékot
|c Béla Tallósi
|
| 300 |
|
|
|b Obr. 1.
|
| 650 |
0 |
7 |
|a naratívne básne
|2 snkbucl
|9 56217
|
| 650 |
0 |
7 |
|a rečňovanky
|2 snkbucl
|9 278360
|
| 655 |
|
7 |
|a články z novín a časopisov
|2 snkbucl
|9 267496
|
| 655 |
|
7 |
|a články z odboru literárna veda a krásna literatúra
|2 snkbucl
|9 770045
|
| 773 |
0 |
|
|t Kis építő
|g Roč. 36, č. 10 (1987/1988), s. 6
|
| 850 |
|
|
|a Slovenská národná knižnica v Martine
|a MTA001
|
| 852 |
|
|
|a SNK
|b KIS3GCP
|
| 958 |
|
|
|a RK
|
| 958 |
|
|
|a HU
|
| 958 |
|
|
|a LX
|
| 992 |
|
|
|a RBX
|
| 999 |
|
|
|c 1498721
|d 1500651
|